សិក្សាការរៀបចំដីដំាពោតនៅរដូវប្រំាង និងឧបករណ៍ថែទំាដំនាំពោត (Record no. 4223)

000 -LEADER
fixed length control field 00558nam a22001577a 4500
003 - CONTROL NUMBER IDENTIFIER
control field OSt
005 - DATE AND TIME OF LATEST TRANSACTION
control field 20151208144924.0
008 - FIXED-LENGTH DATA ELEMENTS--GENERAL INFORMATION
fixed length control field 151208b xxu||||| |||| 00| 0 eng d
040 ## - CATALOGING SOURCE
Transcribing agency RUA
082 ## - DEWEY DECIMAL CLASSIFICATION NUMBER
Classification number ATM ម៉ាង 1994 B191 Or.1
100 ## - MAIN ENTRY--PERSONAL NAME
9 (RLIN) 4533
Personal name ម៉ាង ប៊ុនថៃ
245 ## - TITLE STATEMENT
Title សិក្សាការរៀបចំដីដំាពោតនៅរដូវប្រំាង និងឧបករណ៍ថែទំាដំនាំពោត
260 ## - PUBLICATION, DISTRIBUTION, ETC. (IMPRINT)
Place of publication, distribution, etc. Phnom Penh
Name of publisher, distributor, etc. RUA
Date of publication, distribution, etc. 191
300 ## - PHYSICAL DESCRIPTION
Extent 90p.
Other physical details ill.
Dimensions 29cm.
942 ## - ADDED ENTRY ELEMENTS (KOHA)
Source of classification or shelving scheme
Koha item type ATM
Holdings
Price effective from Date last seen Permanent Location Not for loan Date acquired Source of classification or shelving scheme Koha item type Barcode Lost status Damaged status Shelving location Withdrawn status Current Location Full call number
2015-12-082015-12-08Library Block B 2015-12-08 ATMRUA44618  B191 Library Block BATM ម៉ាង 1994 B191 Or.1
2015-12-082015-12-08Library Block B 2015-12-08 ATMRUA042941  B191 Library Block BATM ម៉ាង 1994 B191 Or.2
2015-12-082015-12-08Library Block B 2015-12-08 ATMRUA44293  B191 Library Block BATM ម៉ាង 1994 B191 Or.3
2015-12-082015-12-08Library Block B 2015-12-08 ATMRUA44059  B191 Library Block BATM ម៉ាង 1994 B191 Or.4
មជ្ឈមណ្ឌលឯការនៃសាកលវិទ្យាល័យភូមិន្ទកសិកម្មចំការដូង

Powered by Koha